000 00844nam a2200265 i 4500
001 bg
100 1 _aEDEL, Roman
245 1 0 _aTablice do obliczeń hydraulicznych przepływu cieczy w kanałach zamkniętych /
_cRoman Edel, Marian Kulbik ; Politechnika Gdańska.
260 _aGdańsk :
_bWydaw. PG,
_c1997.
300 _a125 s. :
_bwykr. ;
_c24 cm.
504 _aBibliogr. s. 19.
521 _aSkrypt dla studentów Wydz. Inżynierii Środowiska i Budownictwa Lądowego.
650 9 _aKanalizacja
_xprojekty
650 9 _aPrzepływ
_xpomiary
655 _aPodręczniki akademickie
655 _aTablice i wzory
700 1 _aKULBIK, Marian
020 _a8386537574
040 _cBPK
041 0 _apl
080 _a628.2:532(083)](075.8)
920 _a83-86537-57-4
942 _cKS
008 s pl f |000 0 pol
999 _c31559
_d31559
856 _uhttp://koha.tu.koszalin.pl/cgi-bin/koha/opac-detail.pl?biblionumber=31559
_yKatalog online BPK